000
00262nam a22001097a 4500
082
_a
669.14 BAS
100
_a
BASHFORTH,G RGINALD
_9
58174
245
_a
THE MANUFACTURE OF IRON AND STEEL
260
_a
LONDON
_b
CHAPMAN & HALL
_c
1960
300
_a
313P
942
_c
BK
999
_c
568384
_d
568384